| 000 | 00666nam a2200253Ia 4500 | ||
|---|---|---|---|
| 003 | OSt | ||
| 005 | 20220918222350.0 | ||
| 006 | a|||||r|||| 00| 0 | ||
| 007 | ta | ||
| 008 | 220917b |||||||| |||| 00| 0 eng d | ||
| 024 | _a216,656 | ||
| 037 | _cTextual | ||
| 040 |
_aARTS _cARTS _beng |
||
| 041 |
_2eng _aeng |
||
| 082 | _aR4,(Q6:427), P2 | ||
| 100 |
_aJordan Mark D. _9142962 |
||
| 245 | 0 | _aEthics of sex | |
| 260 |
_aUK _bBlackwell pub. Ltd. _c2002 |
||
| 300 |
_avi, 198p _ccm. |
||
| 490 | _aNew dimensions to religious ethics | ||
| 650 | _aETHICS | ||
| 942 |
_hR4,(Q6:427), P2 _cTEXL _2CC |
||
| 999 |
_c275337 _d275337 |
||